000
00301 a2200145 4500
001
173774
020
_a
040
_c
Magnum
100
_a
Demarguet, Sonia de Almeida
240
1
0
_a
A espada e o trono
_l
por
245
1
0
_a
A espada e o trono
362
0
_a
1899
697
_a
IJ/GERAL
942
_c
BK
999
_c
173774
_d
173774